El acceso a Internet como barrera para el aprendizaje y la participación en tiempos de pandemia en estudiantes de octavo año básico

Este estudio es el resultado de una investigación que busca conocer si el internet en una pandemia mundial es una barrera de aprendizaje y participación. El estudio se enfoca en conocer como menciono anteriormente si el en alumnos pertenecientes a una escuela rural, el internet pasa hacer una barrer...

Descripción completa

Detalles Bibliográficos
Autor principal: Cordova Pinto, Carol Beatriz
Otros Autores: Donoso Santibáñez, Carlos (profesor guía), Lara Roco, Estefanía Constanza
Formato: Tesis
Lenguaje:español
Publicado: Santiago, Chile: Universidad Academia de Humanismo Cristiano, 2021.
Materias:
Acceso en línea:Disponible en línea (PDF). Biblioteca Digital UAHC

MARC

LEADER 00000nmm a22000007a 4500
001 000321
003 UAHC_CL
005 20220928143844.0
008 220808s2021 cl o d 000 spa
040 |a UAHC_CL  |c UAHC_CL  |d UAHC_CL 
100 |9 15704  |a Cordova Pinto, Carol Beatriz 
245 1 3 |a El acceso a Internet como barrera para el aprendizaje y la participación en tiempos de pandemia en estudiantes de octavo año básico  |c Carol Beatriz Cordova Pinto, Estefanía Constanza Lara Roco; profesor guía Carlos Donoso Santibáñez. 
260 |a Santiago, Chile:  |b Universidad Academia de Humanismo Cristiano,  |c 2021. 
300 |a 57 páginas. 
500 |a Tesis para optar al título de Profesor/a de Educación Diferencial con mención en Trastornos Específicos del Lenguaje Oral. 
502 |a Tesis (Pedagogía en Educación Diferencial) -- Universidad Academia de Humanismo Cristiano, 2021.  
516 |a Tesis electrónica (PDF). Solicitar envío de documento a biblioteca@academia.cl. 
520 |a Este estudio es el resultado de una investigación que busca conocer si el internet en una pandemia mundial es una barrera de aprendizaje y participación. El estudio se enfoca en conocer como menciono anteriormente si el en alumnos pertenecientes a una escuela rural, el internet pasa hacer una barrera de aprendizaje y la participación para sus conexiones a clases de forma virtual y así poder acceder a la educación en tiempos de pandemia. Para responder al objetivo de investigación se realizó un método cualitativo bajo un paradigma interpretativo con un enfoque fenomenológico, ya que se centra analizar las experiencias personales de cada estudiante y docente de la escuela que formó parte del proceso de investigación, con la finalidad de comprender y relacionar como la conectividad puede afectar en la actualidad. En cuanto a los resultados que se pudieron obtener, se pudo evidenciar que el internet si afecta actualmente y que es un recurso necesario para poder acceder a la educación en tiempos de pandemia mundial. Además, se pudo apreciar que las condiciones climáticas afectan también en la red de internet, dependiendo éste del clima de la zona para poder acceder a la conexión.  
650 0 |9 1889  |a Internet en educación  |z Chile 
650 0 |9 3496  |a Estrategias de aprendizaje 
650 0 |9 15450  |a COVID-19 (Enfermedad)  |x Aspectos sociales  |z Chile 
700 |a Donoso Santibáñez, Carlos  |9 15705  |4 profesor guía 
700 |a Lara Roco, Estefanía Constanza  |9 15706 
856 |u http://bibliotecadigital.academia.cl/xmlui/handle/123456789/6212  |y Disponible en línea (PDF). Biblioteca Digital UAHC 
900 |a TPEDIF 334 
942 |c TS 
952 |0 0  |1 0  |4 0  |6 TPEDIF_334_000000000000000  |7 0  |8 COMP  |9 95630  |a BC  |b BC  |c Digital  |d 2022-08-08  |o TPEDIF 334  |r 2022-08-08 00:00:00  |w 2022-08-08  |y TS  |z Documento en PDF  |B PEDIF 
999 |c 59564  |d 59564